00706 2200241 4500001002100000005001700021008004100038020002200079035002400101040001200125041000800137082001600145084001600161090002000177100002300197245008600220260003300306300003700339504003000376650002400406850001200430990002200442INLIS00000000003321320180228095724.0  a978-602-401-384-4 0010-011800000000358 aYOPDYOG0 aind042[23]a371.4 a371.4 Ulu B aDEP 371.4 Ulu B0 aULUL AZAMd, 1987-0 aBimbingan dan konseling perkembangan di sekolahb: teori dan praktikc/ Ulul Azam aYogyakartabDeepublishc2016 axiv, 246 hlm.b: ilus.c; 20 cm. aBibliografi: hlm. 230-233 4aBimbingan konseling aYOPDYOG aCB-D.11/2016-2504